000 00673cam a22002292a 4500
001 024871
003 AR-FADEU
008 311216n1986####xxu####################dd
020 _a950-12-6837-3
092 _a001.42
_bT246
_eBDT
100 _aTaylor, S. J.
245 _aIntroducción a los métodos cualitativos de investigación : la búsqueda de significados
260 _aBarcelona
260 _bPaidós
260 _c1986
300 _a2 v
440 _aPaidós studio básica
500 _aIncluye bibliografía
700 _aR., Bogdan
650 _aMETODOS DE INVESTIGACION-TEORIA; INVESTIGACION EN TERRENO; INVESTIGACION APLICADA/BDT/
942 _cBDT
999 _c30558
_d30558